000 00637nam a22002177a 4500
005 20170124110043.0
010 _aA-306046
020 _c00.00
035 _aA-306046
037 _bCen Lib/Ret
040 _aDPL
_bEN
082 _a808.5
_bBRA
100 _aBrandreth, Gyles
_922636
245 _aThe complete public speaker /
_cby Gyles Brandreth
260 _aNew Delhi
_bSudha Publications
_c1987
270 _aPrabhat Kiran, Rajendra Place
_bNew Delhi
_e110008
300 _a128p.
_c21cm(Hb)
650 _aPublic speaking
_917900
650 _aPublic speaking - Manuals
_924011
942 _2ddc
_cEN
_h808.5
_mBRA
999 _c128643
_d128643